| 000 | 00367nam a2200145Ia 4500 | ||
|---|---|---|---|
| 008 | 230312s9999||||xx |||||||||||||| ||und|| | ||
| 020 | _a9781118821497 | ||
| 082 |
_a005.446 _bWEV-W |
||
| 100 | _aBair,Amy,Laupold | ||
| 245 | 0 | _aBlogging for dummies | |
| 260 |
_bWiley _aUSA _c2014 |
||
| 300 | _a365 | ||
| 650 |
_aComputer _vOperating systems (Computers) |
||
| 942 | _cBK | ||
| 999 |
_c18197 _d18197 |
||